000 00375nam a2200145Ia 4500
008 151213s9999 xx 000 0 und d
100 _aDonald H. Peiman
245 _aShelley's Poetry and Prose
_cDonald H. Peiman
260 _aNew York
_bW.W.Norton
_c2002
300 _a2125 p.
650 _aEnglish
650 _aEnglish
700 _aDonald H. Peiman
999 _c1566
_d1566